History Quiz

Random History or Country Quiz

Republic or Monarchy? Quiz Stats

 Plays Quiz Updated Jul 11, 2015

Also try: Monarchy No More
Challenge
Share
Tweet
Embed
Score 0/30 Timer 04:00
0 Plays Today
Country Republic (R) or Monarchy (M)? % Correct
South Korea???
88.4%
France???
88.3%
Panama???
87.9%
United Kingdom???
87.1%
Ireland???
86.9%
Dominican Republic???
86.8%
Nicaragua???
86.3%
Lithuania???
83.2%
Pakistan???
82.2%
Bahrain???
79.4%
Azerbaijan???
79.3%
Sweden???
77.4%
Nigeria???
75.8%
Bhutan???
75.5%
Kuwait???
75.1%
Country Republic (R) or Monarchy (M)? % Correct
Liechtenstein???
72.4%
Iran???
69.5%
Vatican City???
68%
Tonga???
66.9%
Dominica???
64.8%
Andorra???
61.7%
Togo???
59.3%
Tuvalu???
58.7%
Lesotho???
58.5%
Marshall Islands???
58.1%
Malaysia???
52.2%
Barbados???
51.9%
Saint Lucia???
51.3%
San Marino???
50.5%
Cambodia???
49.3%

You're not logged in!

Compare scores with friends on all Sporcle quizzes.
OR
Log In

You Might Also Like...

Show Comments

Extras

Top Quizzes Today


Score Distribution

Your Account Isn't Verified!

In order to create a playlist on Sporcle, you need to verify the email address you used during registration. Go to your Sporcle Settings to finish the process.

Report this User

Report this user for behavior that violates our Community Guidelines.

Details: